书目信息 |
| 题名: |
肌肉训练彩色解剖图谱
|
|
| 作者: | 斯特里亚诺 , 珀赛尔 著 ;徐晴颐 译 | |
| 分册: | 马拉松运动 | |
| 出版信息: | 北京 人民邮电出版社 2017.05 |
|
| 页数: | 158页 | |
| 开本: | 24cm | |
| 丛书名: | ||
| 单 册: | ||
| 中图分类: | G808.14-64 , G822.82-64 | |
| 科图分类: | ||
| 主题词: | 肌肉--力量训练--图解 , 马拉松跑--运动训练--图解 | |
| 电子资源: | ||
| ISBN: | 978-7-115-45041-8 | |
| 000 | 01444nam0 2200301 450 | |
| 001 | 0120172171023 | |
| 005 | 20180906093350.39 | |
| 010 | @a978-7-115-45041-8@dCNY49.80 | |
| 100 | @a20170510d2017 em y0chiy50 ea | |
| 101 | 1 | @achi@ceng |
| 102 | @aCN@b110000 | |
| 105 | @aa z 000yy | |
| 106 | @ar | |
| 200 | 1 | @a肌肉训练彩色解剖图谱@9ji rou xun lian cai se jie pou tu pu@i马拉松运动@f(美)菲利普·斯特里亚诺(Philip Strano),(美)丽萨·珀赛尔(Lisa Purcell)著@g徐晴颐译 |
| 205 | @a2版 | |
| 210 | @a北京@c人民邮电出版社@d2017.05 | |
| 215 | @a158页@d24cm | |
| 330 | @a本书是一部专门针对马拉松跑者的运动指南。书中通过有针对性的跑者伸展运动、弹力带拉伸运动、主要肌群和辅助肌群的针对性训练,以及8组按不同强度和锻炼目标科学设计的专项健身计划,帮助初学者正确入门、渐入佳境、跑完全马。本书不仅包括适合马拉松跑者进行的肌肉训练动作,还专门制定了一个20周训练计划,帮助参赛者科学合理地安排自己的跑前锻炼。并通过对跑前的身体和心理准备、跑步装备、路面选择、跑步损伤的预防和治疗、马拉松入门训练三要素等理论知识的讲解,助力马拉松跑者完成壮举。 | |
| 333 | @a一般读者 | |
| 606 | 0 | @a肌肉@x力量训练@j图解 |
| 606 | 0 | @a马拉松跑@x运动训练@j图解 |
| 690 | @aG808.14-64@v5 | |
| 690 | @aG822.82-64@v5 | |
| 701 | 0 | @c(美)@a斯特里亚诺@9si te li ya nuo@c(Strano, Philip)@4著 |
| 701 | 0 | @c(美)@a珀赛尔@9po sai er@c(Purcell, Lisa)@4著 |
| 702 | 0 | @a徐晴颐@9xu qing yi@4译 |
| 801 | 0 | @aCN@b人天书店@c20170510 |
| 905 | @b1083811-15@dG808.14-64@e698=2@f5 | |
| 肌肉训练彩色解剖图谱.马拉松运动/(美)菲利普·斯特里亚诺(Philip Strano),(美)丽萨·珀赛尔(Lisa Purcell)著/徐晴颐译.-2版.-北京:人民邮电出版社,2017.05 |
| 158页;24cm |
| 使用对象:一般读者 |
| ISBN 978-7-115-45041-8:CNY49.80 |
| 本书是一部专门针对马拉松跑者的运动指南。书中通过有针对性的跑者伸展运动、弹力带拉伸运动、主要肌群和辅助肌群的针对性训练,以及8组按不同强度和锻炼目标科学设计的专项健身计划,帮助初学者正确入门、渐入佳境、跑完全马。本书不仅包括适合马拉松跑者进行的肌肉训练动作,还专门制定了一个20周训练计划,帮助参赛者科学合理地安排自己的跑前锻炼。并通过对跑前的身体和心理准备、跑步装备、路面选择、跑步损伤的预防和治疗、马拉松入门训练三要素等理论知识的讲解,助力马拉松跑者完成壮举。 |
| ● |
| 相关链接 |
|
|
|
|
正题名:肌肉训练彩色解剖图谱
索取号:G808.14-64/698=2
 
预约/预借
| 序号 | 登录号 | 条形码 | 馆藏地/架位号 | 状态 | 备注 |
| 1 | 1083811 | 210838110 | 第一样本阅览室/ [索取号:G808.14-64/698=2] | 在馆 | |
| 2 | 1083812 | 210838129 | 教育系资料室/ [索取号:G808.14-64/698=2] | 在馆 | |
| 3 | 1083813 | 210838138 | 教育系资料室/ [索取号:G808.14-64/698=2] | 在馆 | |
| 4 | 1083814 | 210838147 | 第四借阅区/ [索取号:G808.14-64/698=2] | 在馆 | |
| 5 | 1083815 | 210838156 | 密集书库-体育系/ [索取号:G808.14-64/698=2] | 在馆 |